<?xml version="1.0" encoding="UTF-8"?>
<record
    xmlns:xsi="http://www.w3.org/2001/XMLSchema-instance"
    xsi:schemaLocation="http://www.loc.gov/MARC21/slim http://www.loc.gov/standards/marcxml/schema/MARC21slim.xsd"
    xmlns="http://www.loc.gov/MARC21/slim">

  <leader>00564nam a22001937a 4500</leader>
  <controlfield tag="003">SISC</controlfield>
  <controlfield tag="005">20160224132429.0</controlfield>
  <controlfield tag="008">140111b        xxu||||| |||| 00| 0 eng d</controlfield>
  <datafield tag="020" ind1=" " ind2=" ">
    <subfield code="a">0540063150</subfield>
  </datafield>
  <datafield tag="050" ind1=" " ind2=" ">
    <subfield code="a">QB 63 </subfield>
    <subfield code="b">.M821 1995</subfield>
  </datafield>
  <datafield tag="100" ind1=" " ind2=" ">
    <subfield code="a">Moore,Patrick</subfield>
    <subfield code="9">30537</subfield>
  </datafield>
  <datafield tag="245" ind1=" " ind2=" ">
    <subfield code="a">Guide to the night sky</subfield>
    <subfield code="b">A guided tour of the stars and constellations</subfield>
    <subfield code="c">Patrick Moore</subfield>
  </datafield>
  <datafield tag="260" ind1=" " ind2=" ">
    <subfield code="a">Great Britain:</subfield>
    <subfield code="b">Phillips</subfield>
    <subfield code="c">1995</subfield>
  </datafield>
  <datafield tag="300" ind1=" " ind2=" ">
    <subfield code="a">47 p .</subfield>
    <subfield code="b">ill. col.;</subfield>
    <subfield code="c">24 cm.</subfield>
  </datafield>
  <datafield tag="500" ind1=" " ind2=" ">
    <subfield code="a">included bibliography and indexs</subfield>
  </datafield>
  <datafield tag="651" ind1=" " ind2=" ">
    <subfield code="2">astronomy</subfield>
  </datafield>
  <datafield tag="942" ind1=" " ind2=" ">
    <subfield code="2">lcc</subfield>
    <subfield code="c">BK</subfield>
  </datafield>
  <datafield tag="999" ind1=" " ind2=" ">
    <subfield code="c">39815</subfield>
    <subfield code="d">39815</subfield>
  </datafield>
  <datafield tag="952" ind1=" " ind2=" ">
    <subfield code="0">0</subfield>
    <subfield code="1">0</subfield>
    <subfield code="2">lcc</subfield>
    <subfield code="4">0</subfield>
    <subfield code="a">LUX</subfield>
    <subfield code="b">LUX</subfield>
    <subfield code="c">HS</subfield>
    <subfield code="d">2014-01-11</subfield>
    <subfield code="l">0</subfield>
    <subfield code="o">QB 63 .M821 1995</subfield>
    <subfield code="p">4828</subfield>
    <subfield code="r">2019-07-18 00:00:00</subfield>
    <subfield code="t">1</subfield>
    <subfield code="w">2014-01-11</subfield>
    <subfield code="y">BK</subfield>
  </datafield>
</record>
